000 00333nas a22001337a 4500
999 _c22671
_d22671
003 VITAP
005 20181117114745.0
008 181029b ||||| |||| 00| 0 eng d
022 _a0304-4289
040 _cVITAP
245 _aPramana
_bJournal of Physics
260 _aBengaluru
_bIndian Academy of Science
942 _2ddc
_cJOURNAL
_s1